| 000 | 01890cam a22004334i 4500 | ||
|---|---|---|---|
| 003 | PE-LiUPU | ||
| 005 | 20250731173201.0 | ||
| 008 | 150625s1961 sp r 000 0 spa d | ||
| 035 | _a(Sirsi) a30200 | ||
| 040 |
_aPE-LiUPU _bspa _cPE-LiUPU _erda |
||
| 082 | 0 | 4 |
_a203 YC 6 _bD97 _221 |
| 100 | 1 |
_aDu Buit, M., _eautor. |
|
| 245 | 1 | 0 |
_aArqueología del Pueblo de Israel / _c M. Du Buit. |
| 264 | 1 |
_aAndorra : _bEditorial Casal I Vall, _c1961. |
|
| 300 |
_a140 páginas ; _c19 centímetros |
||
| 336 |
_atext _2rdacontent |
||
| 337 |
_aunmediated _2rdamedia |
||
| 338 |
_avolume _2rdacarrier |
||
| 505 | 0 | _aSe, creo -- Las grandes verdades de la salvación -- Que es el hombre -- Vida en Dios, Los mediadores -- Presencia de la salvacion entre nosotros -- La biblia, libro de Dios, libro de los hombres -- La iglesia en su historia -- La iglesia en su oraganizacion -- Los problemas del mundo y de la iglesia -- La iglesia en siu liturgia -- y sus ritos -- Las letras cristianas -- Las artes cristianas -- Hermanos seprados -- Religiones no critianas y busca de Dios -- Conclusiones. | |
| 526 | _aSEG42 | ||
| 526 | _aSEG41 | ||
| 526 | _aSEG40 | ||
| 526 | _aSEG39 | ||
| 526 | _aP94 | ||
| 526 | _aP87 | ||
| 526 | _aP86 | ||
| 526 | _aP85 | ||
| 526 | _aP77 | ||
| 526 | _aP76 | ||
| 526 | _aP35 | ||
| 651 | 4 |
_aPalestina _xAntigüedades. _93129 |
|
| 650 | 1 | 4 | _aArqueología bíblica. |
| 651 | 4 |
_aPalestina _xRestos arqueológicos. |
|
| 942 |
_2ddc _cBOOK |
||
| 949 |
_a203 YC 6 D97 _wDEWEY _c1 _i36999 _lCCODEBUL1 _mBUL _p25.00 _r0 _sY _tBOOK _u2015-06-25 _xBIBLIOTECA _zUNKNOWN _0COMPRA _o.STAFF. Colección Teología |
||
| 596 | _a1 | ||
| 999 |
_a203 YC 6 D97 _wDEWEY _c37631 _i36999 _f2021-11-11 _g5 _lCCODEBUL1 _mBUL _p25.00 _r0 _sY _tBOOK _u2015-6-25 _xTEOLOGIA _PP35 _0COMPRA _o.STAFF. Colección Teología _d37631 |
||
| 980 |
_81 _gALBERTO SANCHEZ Responsable de Automatización |
||